Statistics for Countries With Spanish as an Official Language

Click here to take the quiz!

General Stats

  • This quiz has been taken 172 times
  • The average score is 20 of 20

Answers on the Map

Answers color-coded by a green-red scale on the quiz's map according to % correct below.
 

Answer Stats

Continent% of Spanish SpeakersPopulationCountry% Correct
South America8745.9 mArgentina
100%
South America9350.4 mColombia
100%
North America87130 mMexico
100%
South America8132.2 mPeru
100%
Europe8547.3 mSpain
100%
South America4 m3.4 mUruguay
100%
South America9818.3 mChile
99%
North America985.2 mCosta Rica
99%
North America10011 mCuba
99%
North America816.2 mNicaragua
99%
North America933.9 mPanama
99%
South America687.3 mParaguay
99%
South America10029.1 mVenezuela
99%
South America5111.8 mBolivia
98%
North America8510.6 mDominican Republic
98%
North America8217.1 mEcuador
98%
North America926.5 mEl Salvador
98%
North America869.3 mHonduras
98%
North America5717.4 mGuatemala
97%
Africa3.9 m1.5 mEquatorial Guinea
85%

Score Distribution

Percentile by Number Answered

Percent of People with Each Score

Your Score History

You have not taken this quiz